Quizzes
Events
Quiz Creation
Community
Videos
Private Events
Remove Ads
Sign In
Join for FREE
Feedback
Dark Mode
Quiz Categories
Sports
Geography
Music
Movies
Television
Just For Fun
Miscellaneous
History
Literature
Language
Science
Gaming
Entertainment
Religion
Holiday
For Kids
Quiz Lab
Recent
Popular Today
Quiz Kudos Today
Editor Picks
Curator Picks
Quizzes by...
Day
Popularity
Type
Ratings
Length
Year
Community
Subscriptions
Recent Discussions
Orange Saloon
Badges
Playlists
Quests
Create
Leaderboards
Showdown
Live 5
Trivia Bingo
Activity
Puzzle Library
Sporcle Events
Private Events
Virtual Trivia
Globe League
Become a Host
Pub Owners
SporcleCon
Opinionation
Our Games
Videos
Blog
Mobile Apps
Partnerships
Remove Ads and Go Orange
Feedback
Entertainment
Celebrity
Famous
Musical
Broadway
Show
Quote
Comic Books
Anime
Superhero
DC Comics
Marvel
Cartoons
Animation
Entertainment
Celebrity
Famous
Musical
Broadway
Show
Quote
Comic Books
Anime
Superhero
DC Comics
Marvel
Cartoons
Animation
Random Quiz
Search Sporcle
×
Quiz Lab
Quiz Lab
Entertainment
Lyrics
Type in answers that appear in a list
Type in answers that appear in a list
Classic
Best Score? Go Orange.
Garfield Lyric Quiz Stats
Can you name the lyrics to Garfield's A New Dog State Of Mind?
By
turtleskilledme
5m
89 Questions
9 Plays
9 Plays
9 Plays
Comments
Comments
Give Quiz Kudos
Give Quiz Kudos
-
- Ratings
hide this ad
Replay
Link that replays current quiz
Next Quiz
Link to next quiz in quiz playlist
You Got
0%
They Got
Avg Score
58%
Avg Friend Score
Upgrade to see
Score Distribution
Jump to the score distribution portion of the page
Score
0/89
Timer
05:00
0
Plays Today
% Correct
I
88.9%
Jon
77.8%
my
77.8%
in
77.8%
my
77.8%
in
77.8%
in
77.8%
a
77.8%
dog
77.8%
a
77.8%
A
77.8%
my
77.8%
in
77.8%
Jon
77.8%
in
77.8%
a
77.8%
dog
77.8%
to
66.7%
to
66.7%
to
66.7%
out
66.7%
the
66.7%
of
66.7%
new
66.7%
state
66.7%
of
66.7%
mind
66.7%
to
66.7%
to
66.7%
the
66.7%
% Correct
and
66.7%
out
66.7%
new
66.7%
state
66.7%
of
66.7%
mind
66.7%
used
55.6%
have
55.6%
myself
55.6%
there
55.6%
no
55.6%
one
55.6%
now
55.6%
I'm
55.6%
I'm
55.6%
Used
55.6%
call
55.6%
own
55.6%
now
55.6%
dog's
55.6%
I'm
55.6%
I've
55.6%
got
55.6%
no
55.6%
I've
55.6%
got
55.6%
no
55.6%
clout
55.6%
I'm
55.6%
Day
44.4%
% Correct
or
44.4%
night
44.4%
was
44.4%
else
44.4%
From
44.4%
dawn
44.4%
dusk
44.4%
meals
44.4%
would
44.4%
come
44.4%
I'd
44.4%
lounge
44.4%
about
44.4%
home
44.4%
But
44.4%
cold
44.4%
night
44.4%
All
44.4%
alone
44.4%
till
44.4%
dawn's
44.4%
first
44.4%
light
44.4%
think
44.4%
had
44.4%
home
44.4%
special
44.4%
place
44.4%
But
44.4%
Quiz Playlist
Details
Report
Send in Message
Add To Playlist
Classic:
Type in answers that appear in a list
Last Updated: Mar 29, 2018
Quiz Scoreboard
CHALLENGE
Sign Up to Join the Scoreboard
Show All
Scores
Hide
Comments
May contain spoilers
Recently Published
Billboard Blitz: Fleetwood Mac
by CooCooCachoo
Music
15s
Presidents Visiting Landmarks
by Hejman
History
7m
An Introduction to Baseball
by treessimontrees
Sports
5m
More to Explore
Quiz From the Vault
Featured Blog Post
Where Did the Easter Bunny Come From?
hide this ad
You Might Also Like...
Tags
Lyrics Quiz
Comic Strips
garfield
Today's Top Quizzes in Entertainment
Browse Entertainment
hide this ad
Today's Top Quizzes in Lyrics
Browse Lyrics
Top Contributed Quizzes in Entertainment
1
7-to-1: DC Comics Villains
2
Marvel Characters Bunker
3
Eurovision 2023 Logic Puzzle
4
Kamen Rider Motifs
5
Dragon Ball Z: Goku's Fights in Order
6
Criteria Quickie: Cartoon Taxonomy II
7
Sorting Pictures: Villains
8
Fictional Villains Letter U Blitz
9
Dragon Ball Z: Mega Character Search
10
Mini Trivia Sudoku: Musicals
Explore More
Trending Topics
Harry Potter
Anime
Kpop
Crossword
Disney
Marvel
NBA
The Office
NFL
Country
Soccer
Pokémon
Puzzle
Song
WWE
hide this ad
More By:
turtleskilledme
Quiz
Plays
Rating
Category
Featured
Created
Grand Theft Auto 5 Quiz
577
3.33
Gaming
Mar 26, 2018
Garfield Lyric Quiz
9
5.00
Entertainment
Mar 29, 2018
Go to Creator's Profile
Score Distribution
Quiz Creator Spotlight
turtleskilledme
Follow
Send a Message
Quizzes Created
-
Created Quiz Play Count
-
More By This Creator
Popular Quizzes Today
1
Find the US States - No Outlines Minefield
2
Find the Countries of Europe - No Outlines Minefield
3
The Countries of the World
4
Find the US States
5
US States
6
Popular People in 1961
7
Risky Map Clicking: Biggest States A-Z
8
Movies - When Are They Set?
More Entertainment Quizzes
Find the Impostor: Entertainment
Editor's Pick
Trending Quizzes
Risky Map Clicking: Least Populous States A-Z
1-10 Letter G Words
1-10 Letter F Words
Risky Map Clicking: Next State Alphabetically
Risky Map Clicking: Biggest States A-Z
Recently Updated
Leaping Animals
pecheneg
Reality TV Shows (A-Z)
bhenderson79
Rickey Henderson's Hall of Fame Teammates
pecheneg
Champions League XIs: Arsenal
pecheneg
Quick Pick: Celebrities in WWE's Hall of Fame
aduchscher
A-Z Keypad Blitz II
pecheneg
Multiple Oscar Actors
pecheneg
Mystery Phrase Blitz: Oscar 'Best Actors'
pecheneg
F. Scott Fitzgerald Novels
LTH
Pick 3 Villains
ddd62291
Trending Topics
Disney
Harry Potter
Kpop
NBA
Marvel
Anime
Crossword
Song
Pokémon
Soccer
Country
WWE
NFL
Puzzle
The Office
Your Account Isn't Verified!
In order to create a playlist on Sporcle, you need to verify the email address you used during registration. Go to your
Sporcle Settings
to finish the process.
Report this User
Report this user for behavior that violates our
Community Guidelines
.
Details:
Send Report
Go to the Sporcle.com Mobile Site →
Comments